Tilastot visalle Euroopan 10 pinta-alaltaan suurinta valtiota

Klikkaa tästä pelataksesi tätä visaa!

Yleistilastot

  • Tätä visaa on pelattu 3 640 kertaa
  • Keskiarvotulos 9 / 10

Vastaustilastot

km2Valtio% Oikein
3 960 000Venäjä
98%
551 500Ranska
97%
357 168Saksa
97%
505 992Espanja
94%
450 295Ruotsi
94%
338 145Suomi
93%
312 685Puola
91%
603 500Ukraina
89%
323 802Norja
89%
301 336Italia
88%

Tulosjakauma

Persentiili vastausten määrän mukaan

Jokaisen tuloksen saaneiden osuus

Tuloshistoriasi

Et ole pelannut tätä visaa